000 00291nam a22001217a 4500
008 170526b xxu||||| |||| 00| 0 eng d
041 _aeng
080 _a621
100 _a25
101 _aIM
245 _aTHE LANGUAGE OF MECHANICAL ENGINEERING IN ENGLISH
_cHALL.J.E
942 _2udc
_cBK
999 _c14331
_d14331